Complementing Money Functions: Central Bank Digital Currencies and Currency Competition

Digitálne meny centrálnych bánk (CBDC) ako jeden z najdôležitejších problémov v menovej politike na celom svete v súčasnej dobe. Prehľad funkcie peňazí, konkurencie meny a digitálnych peňazí. Technológia a architektúra peňažných systémov. Kryptomeny a konkurencia mien.

Enregistré dans:
Détails bibliographiques
Auteur principal: Dötsch, Jörg J.
Autres auteurs: Ginter, Tamás
Format: Chapitre de livre
Langue:anglais
Sujets:
Tags: Ajouter un tag
Pas de tags, Soyez le premier à ajouter un tag!

MARC

LEADER 00000naa a2200000 4500
001 0300468
005 20240524095009.4
041 0 |a eng 
044 |a HU 
245 1 0 |a Complementing Money Functions: Central Bank Digital Currencies and Currency Competition  |c Jörg J. Dötsch, Tamás Ginter 
520 |a Digitálne meny centrálnych bánk (CBDC) ako jeden z najdôležitejších problémov v menovej politike na celom svete v súčasnej dobe. Prehľad funkcie peňazí, konkurencie meny a digitálnych peňazí. Technológia a architektúra peňažných systémov. Kryptomeny a konkurencia mien. 
610 2 0 |a politika menová 
610 2 0 |a mena digitálna 
610 2 0 |a banky centrálne 
610 2 0 |a digitalizácia 
610 2 0 |a konkurencia 
610 2 0 |a technológie nové 
100 1 |a Dötsch, Jörg J. 
700 1 |a Ginter, Tamás